Istilah ukur dan pemetaan (Record no. 23386)

MARC details
000 -LEADER
fixed length control field 00630nam a2200229 i 4500
001 - CONTROL NUMBER
control field C2-0101548
003 - CONTROL NUMBER IDENTIFIER
control field PPAK
005 - DATE AND TIME OF LATEST TRANSACTION
control field 20180727095752.0
008 - FIXED-LENGTH DATA ELEMENTS--GENERAL INFORMATION
fixed length control field 970525s1991 my |||| ||||| | may d
020 ## - INTERNATIONAL STANDARD BOOK NUMBER
International Standard Book Number 9836226117
040 ## - CATALOGING SOURCE
Original cataloging agency PPAK
Language of cataloging eng
Transcribing agency PPAK
Description conventions rda
082 04 - DEWEY DECIMAL CLASSIFICATION NUMBER
Classification number 526.03
Edition number 23
090 00 - LOCALLY ASSIGNED LC-TYPE CALL NUMBER (OCLC); LOCAL CALL NUMBER (RLIN)
Classification number (OCLC) (R) ; Classification number, CALL (RLIN) (NR) 526.03
Feature heading IST
Feature heading R
245 00 - TITLE STATEMENT
Title Istilah ukur dan pemetaan
264 #1 - PRODUCTION, PUBLICATION, DISTRIBUTION, MANUFACTURE, AND COPYRIGHT NOTICE
Place of production, publication, distribution, manufacture Kuala Lumpur :
Name of producer, publisher, distributor, manufacturer Dewan Bahasa dan Pustaka ,
Date of production, publication, distribution, manufacture, or copyright notice 1991
300 ## - PHYSICAL DESCRIPTION
Extent xxviii, 505 pages ;
Dimensions 15 cm
336 ## - CONTENT TYPE
Source rdacontent
Content type term text
337 ## - MEDIA TYPE
Source rdamedia
Media type term unmediated
338 ## - CARRIER TYPE
Source rdacarrier
Carrier type term volume
650 10 - SUBJECT ADDED ENTRY--TOPICAL TERM
Topical term or geographic name entry element Cartography - Dictionaries - Malay
942 ## - ADDED ENTRY ELEMENTS (KOHA)
-- dc
Koha item type Book
Holdings
Withdrawn Not for loan Current library Shelving location Date acquired Full call number Barcode Date last seen Koha item type Total Checkouts
  Not For Loan Perpustakaan Alor Setar Rujukan Dewasa 06/12/1997 R 526.03 IST A00100708 08/05/2018 Book  
  Not For Loan Perpustakaan Alor Setar Koleksi Ismail Hussein 04/03/2024 KIH 526.03 IST A00181210 04/03/2024 Book  
  Not For Loan Perpustakaan Awam Sungai Petani Rujukan Dewasa 31/03/2004 R 526.03 IST A00426969 08/05/2018 Book  
  Not For Loan Perpustakaan Jitra Rujukan Dewasa 05/04/2004 R 526.03 IST A00847769 08/05/2018 Book  
  Not For Loan Perpustakaan Jitra Rujukan Dewasa 05/04/2004 R 526.03 IST A00847755 08/05/2018 Book  
  Not For Loan Perpustakaan Kulim Rujukan Dewasa 10/04/2004 R 526.03 IST A00344399 08/05/2018 Book  
  Not For Loan Perpustakaan Kulim Rujukan Dewasa 10/04/2004 R 526.03 IST A00344398 08/05/2018 Book  
  Not For Loan Perpustakaan Langkawi Rujukan Dewasa 11/10/2005 R 526.03 IST A00354525 08/05/2018 Book  
  Not For Loan Perpustakaan Yan Rujukan Dewasa 06/12/1997 R 526.03 IST A00162695 01/11/2021 Book